Date and time | Your guess |
Thu, Apr 11, 0.00 | Good luck! | | 53.3% | Fri, Apr 12, 16.00 | Good luck! | | 51.1% | Thu, Apr 11, 1.00 | Good luck! | | 48.9% | Thu, Apr 11, 2.00 | Good luck! | | 48.9% | Thu, Apr 11, 3.00 | Good luck! | | 48.9% | Thu, Apr 11, 4.00 | Good luck! | | 48.9% | Thu, Apr 11, 12.00 | Good luck! | | 48.9% | Fri, Apr 12, 9.00 | Good luck! | | 48.9% | Fri, Apr 12, 11.00 | Good luck! | | 48.9% | Fri, Apr 12, 12.00 | Good luck! | | 48.9% | Fri, Apr 12, 13.00 | Good luck! | | 48.9% | Fri, Apr 12, 14.00 | Good luck! | | 48.9% | Fri, Apr 12, 15.00 | Good luck! | | 48.9% | Fri, Apr 12, 17.00 | Good luck! | | 48.9% | Fri, Apr 12, 19.00 | Good luck! | | 48.9% | Fri, Apr 12, 23.00 | Good luck! | | 48.9% | Sat, Apr 13, 3.00 | Good luck! | | 48.9% | Sat, Apr 13, 5.00 | Good luck! | | 48.9% | Sat, Apr 13, 6.00 | Good luck! | | 48.9% | Thu, Apr 11, 5.00 | Good luck! | | 46.7% | Thu, Apr 11, 6.00 | Good luck! | | 46.7% | Thu, Apr 11, 7.00 | Good luck! | | 46.7% | Thu, Apr 11, 8.00 | Good luck! | | 46.7% | Thu, Apr 11, 9.00 | Good luck! | | 46.7% | Thu, Apr 11, 11.00 | Good luck! | | 46.7% | Thu, Apr 11, 10.00 | Good luck! | | 46.7% | Thu, Apr 11, 13.00 | Good luck! | | 46.7% | Thu, Apr 11, 14.00 | Good luck! | | 46.7% | Thu, Apr 11, 18.00 | Good luck! | | 46.7% | Thu, Apr 11, 23.00 | Good luck! | | 46.7% | Fri, Apr 12, 0.00 | Good luck! | | 46.7% | Fri, Apr 12, 1.00 | Good luck! | | 46.7% |
|
Date and time | Your guess |
Fri, Apr 12, 8.00 | Good luck! | | 46.7% | Fri, Apr 12, 10.00 | Good luck! | | 46.7% | Fri, Apr 12, 18.00 | Good luck! | | 46.7% | Fri, Apr 12, 20.00 | Good luck! | | 46.7% | Fri, Apr 12, 21.00 | Good luck! | | 46.7% | Fri, Apr 12, 22.00 | Good luck! | | 46.7% | Sat, Apr 13, 0.00 | Good luck! | | 46.7% | Sat, Apr 13, 1.00 | Good luck! | | 46.7% | Sat, Apr 13, 2.00 | Good luck! | | 46.7% | Sat, Apr 13, 4.00 | Good luck! | | 46.7% | Sat, Apr 13, 7.00 | Good luck! | | 46.7% | Sat, Apr 13, 8.00 | Good luck! | | 46.7% | Thu, Apr 11, 15.00 | Good luck! | | 44.4% | Thu, Apr 11, 16.00 | Good luck! | | 44.4% | Thu, Apr 11, 17.00 | Good luck! | | 44.4% | Thu, Apr 11, 19.00 | Good luck! | | 44.4% | Thu, Apr 11, 21.00 | Good luck! | | 44.4% | Thu, Apr 11, 20.00 | Good luck! | | 44.4% | Thu, Apr 11, 22.00 | Good luck! | | 44.4% | Fri, Apr 12, 2.00 | Good luck! | | 44.4% | Fri, Apr 12, 3.00 | Good luck! | | 44.4% | Fri, Apr 12, 4.00 | Good luck! | | 44.4% | Fri, Apr 12, 5.00 | Good luck! | | 44.4% | Fri, Apr 12, 6.00 | Good luck! | | 44.4% | Fri, Apr 12, 7.00 | Good luck! | | 44.4% | Sat, Apr 13, 9.00 | Good luck! | | 44.4% | Sat, Apr 13, 11.00 | Good luck! | | 44.4% | Sat, Apr 13, 13.00 | Good luck! | | 44.4% | Sun, Apr 14, 4.00 | Good luck! | | 44.4% | Sun, Apr 14, 13.00 | Good luck! | | 44.4% | Sat, Apr 13, 10.00 | Good luck! | | 42.2% | Sat, Apr 13, 12.00 | Good luck! | | 42.2% |
|
Date and time | Your guess |
Sat, Apr 13, 14.00 | Good luck! | | 42.2% | Sat, Apr 13, 15.00 | Good luck! | | 42.2% | Sat, Apr 13, 16.00 | Good luck! | | 42.2% | Sat, Apr 13, 17.00 | Good luck! | | 42.2% | Sat, Apr 13, 18.00 | Good luck! | | 42.2% | Sat, Apr 13, 19.00 | Good luck! | | 42.2% | Sat, Apr 13, 20.00 | Good luck! | | 42.2% | Sat, Apr 13, 21.00 | Good luck! | | 42.2% | Sat, Apr 13, 22.00 | Good luck! | | 42.2% | Sat, Apr 13, 23.00 | Good luck! | | 42.2% | Sun, Apr 14, 0.00 | Good luck! | | 42.2% | Sun, Apr 14, 1.00 | Good luck! | | 42.2% | Sun, Apr 14, 2.00 | Good luck! | | 42.2% | Sun, Apr 14, 3.00 | Good luck! | | 42.2% | Sun, Apr 14, 5.00 | Good luck! | | 42.2% | Sun, Apr 14, 6.00 | Good luck! | | 42.2% | Sun, Apr 14, 7.00 | Good luck! | | 42.2% | Sun, Apr 14, 8.00 | Good luck! | | 42.2% | Sun, Apr 14, 9.00 | Good luck! | | 42.2% | Sun, Apr 14, 10.00 | Good luck! | | 42.2% | Sun, Apr 14, 11.00 | Good luck! | | 42.2% | Sun, Apr 14, 12.00 | Good luck! | | 42.2% | Sun, Apr 14, 14.00 | Good luck! | | 42.2% | Sun, Apr 14, 15.00 | Good luck! | | 42.2% | Sun, Apr 14, 16.00 | Good luck! | | 42.2% | Sun, Apr 14, 17.00 | Good luck! | | 42.2% | Sun, Apr 14, 18.00 | Good luck! | | 42.2% | Sun, Apr 14, 19.00 | Good luck! | | 40% | Sun, Apr 14, 20.00 | Good luck! | | 40% | Sun, Apr 14, 21.00 | Good luck! | | 40% | Sun, Apr 14, 22.00 | Good luck! | | 40% | Sun, Apr 14, 23.00 | Good luck! | | 40% |
|
Comments